000
00292nam a2200121 a 4500
001
4140
005
20140414131956.0
008
090218s19uu xx 00 eng d
050
_a
TR 595.4
_b
G65 2005
100
_a
Gordon, Sharon
245
_a
Guess who spins. Progressive 1.
999
_c
112920
_d
112920